[Event "WTCC-65 2018"]
[Site "Radebeul"]
[Date "2018.07.09"]
[Round "3"]
[White "Schulze, Ulrich"]
[Black "Glatthor, Thomas"]
[Result "1-0"]
[WhiteElo "2313"]
[BlackElo "2066"]
[Annotator "NA"]
[PlyCount "159"]
[EventDate "2018.07.07"]
[EventType "team-tourn"]
[EventCountry "GER"]
[SourceTitle "playchess.com"]
[Source "ChessBase"]
[SourceQuality "1"]
[TimeControl "40/5400+30:1800+30"]

1. d4 {[%emt 0:00:00]} d6 {[%emt 0:00:00]} 2. Nf3 {[%emt 0:00:00]} Nf6 {[%emt 0:00:34]} 3. g3 {[%emt 0:00:29]} g6 {[%emt 0:00:03]} 4. Bg2 {[%emt 0:00:06]} Bg7 {[%emt 0:00:08]} 5. c4 {[%emt 0:00:17]} Nbd7 {[%emt 0:03:42]} 6. Nc3 {[%emt 0:00:24]} c6 {[%emt 0:00:22]} 7. O-O {[%emt 0:00:11]} O-O {[%emt 0:00:12]} 8. h3 {[%emt 0:01:10]} e5 {[%emt 0:00:26]} 9. e4 {[%emt 0:00:06]} Re8 {[%emt 0:01:10]} 10. Re1 {[%emt 0:03:16]} h6 {[%emt 0:01:04]} 11. Be3 {[%emt 0:00:39] E69: King's Indian: Fianchetto: 6...Nbd7 7 0-0 e5 8 e4 c6 9 h3} Qe7 {[%emt 0:02:50]} 12. Qc2 {[%emt 0:02:40]} b6 {[%emt 0:10:35]} 13. d5 {[%emt 0:11:49]} c5 {[%emt 0:00:46]} 14. a3 $146 {[%emt 0:00:09]} ({Predecessor:} 14. Rf1 Rf8 15. Ne1 Nh5 16. Qd1 a6 17. a4 Rb8 18. Nd3 Kh7 {1-0 (37) Thomassen,J (2400)-Pastor Pons,P (2143) San Sebastian 2012}) 14... Ba6 {[%emt 0:10:21]} 15. Nd2 {[%emt 0:06:29]} Reb8 {[%emt 0:02:26]} 16. b4 {[%emt 0:03:39]} Bc8 {[%emt 0:02:53]} 17. Nb3 {[%emt 0:03:46]} a5 {[%emt 0:05:49]} 18. bxa5 {[%emt 0:05:54]} bxa5 {[%emt 0:00:03]} 19. a4 {[%emt 0:01:16]} Nb6 {[%emt 0:03:34]} 20. Nb5 {[%emt 0:00:21]} Nh5 {[%emt 0:03:41]} 21. Bd2 {[%emt 0:04:11]} Bd7 {[%emt 0:09:23]} 22. Nxa5 {[%emt 0:00:58]} f5 {[%emt 0:03:53]} 23. Nc6 {[%emt 0:03:55]} Bxc6 {[%emt 0:03:01]} 24. dxc6 {[%emt 0:00:12]} Rf8 {[%emt 0:02:38]} (24... f4 $142 25. a5 Nc8) 25. a5 {[%emt 0:01:58]} Nc8 {[%emt 0:01:25]} 26. exf5 {[%emt 0:04:43]} gxf5 {[%emt 0:05:34]} 27. Bf3 {[%emt 0:02:15]} Nf6 {[%emt 0:06:34]} 28. Qxf5 {[%emt 0:03:44]} e4 {[%emt 0:07:28]} 29. Rac1 {[%emt 0:05:18]} Qf7 {[%emt 0:05:25]} 30. Bxe4 {[%emt 0:02:40]} Ne7 {[%emt 0:00:29]} 31. Qf3 {[%emt 0:00:24]} Nxe4 {[%emt 0:02:01]} 32. Qxf7+ {[%emt 0:00:23]} Rxf7 {[%emt 0:00:27]} 33. Rxe4 {[%emt 0:00:07]} Nxc6 {[%emt 0:00:21]} 34. Rce1 {[%emt 0:06:55]} Nxa5 {[%emt 0:02:15]} 35. Re8+ {[%emt 0:03:36]} Rf8 {[%emt 0:00:14]} 36. Rxf8+ {[%emt 0:00:35]} Kxf8 {[%emt 0:00:27]} 37. Nxd6 {[%emt 0:04:29]} Nb3 {[%emt 0:01:39]} 38. Be3 {[%emt 0:03:40]} Nd4 {[%emt 0:02:38]} 39. Rb1 {[%emt 0:01:06]} Rd8 {[%emt 0:00:32]} 40. Ne4 {[%emt 0:00:55]} Rc8 {[%emt 0:00:37]} 41. Kg2 {[%emt 0:30:20]} h5 {[%emt 0:03:58]} 42. Rb7 {[%emt 0:00:00]} Ne6 {[%emt 0:01:52]} 43. Rd7 {[%emt 0:00:00]} h4 {[%emt 0:05:38]} 44. Rd5 {[%emt 0:00:00]} hxg3 {[%emt 0:00:16]} 45. fxg3 {[%emt 0:00:00]} Bd4 {[%emt 0:06:01]} 46. Bxd4 {[%emt 0:00:00]} cxd4 {[%emt 0:00:10]} 47. c5 {[%emt 0:00:00]} Ra8 {[%emt 0:01:16]} 48. Ng5 {[%emt 0:00:00]} Nxg5 {[%emt 0:03:53]} 49. Rxg5 {[%emt 0:00:00]} Rd8 {[%emt 0:00:04]} 50. c6 {[%emt 0:00:00]} d3 {[%emt 0:01:19]} 51. c7 {[%emt 0:00:00]} Rc8 {[%emt 0:00:14]} 52. Rd5 {[%emt 0:00:00]} Rxc7 {[%emt 0:00:02]} 53. Rxd3 {[%emt 0:00:00]} Kg7 54. g4 {[%emt 0:00:00]} Rc1 {[%emt 0:01:46]} 55. Kg3 {[%emt 0:00:00]} Rb1 {[%emt 0:00:33]} 56. h4 {[%emt 0:00:00]} Rg1+ {[%emt 0:00:24]} 57. Kf4 {[%emt 0:00:00]} Rb1 {[%emt 0:00:33]} 58. Rd7+ {[%emt 0:00:00]} Kf6 {[%emt 0:01:05]} 59. Rd6+ {[%emt 0:00:00]} Ke7 {[%emt 0:00:50]} 60. Ra6 {[%emt 0:00:00]} Kf7 {[%emt 0:01:32]} 61. h5 {[%emt 0:00:00]} Kg7 {[%emt 0:00:55]} 62. Kg5 {[%emt 0:00:00]} Rb5+ {[%emt 0:00:16]} 63. Kh4 {[%emt 0:00:00]} Rb1 {[%emt 0:00:39]} 64. h6+ {[%emt 0:00:00]} Kh7 {[%emt 0:00:12]} 65. Kh5 {[%emt 0:00:00]} Rh1+ {[%emt 0:03:38]} 66. Kg5 {[%emt 0:00:00]} Rc1 {[%emt 0:01:27]} 67. Ra7+ {[%emt 0:00:00]} Kh8 {[%emt 0:00:46]} 68. Kh5 {[%emt 0:00:00]} Rb1 {[%emt 0:00:44]} 69. g5 {[%emt 0:00:00]} Rb5 {[%emt 0:00:50]} 70. Re7 {[%emt 0:00:00]} Rc5 {[%emt 0:00:17]} 71. Kg6 {[%emt 0:00:00]} Rc6+ {[%emt 0:00:29]} 72. Kf5 {[%emt 0:00:00]} Rc5+ {[%emt 0:00:23]} 73. Kf6 {[%emt 0:00:00]} Rc6+ {[%emt 0:00:46]} 74. Re6 {[%emt 0:00:00]} Rc8 {[%emt 0:02:13]} 75. g6 {[%emt 0:00:00]} Rf8+ {[%emt 0:00:20]} 76. Ke5 {[%emt 0:00:00]} Ra8 {[%emt 0:00:34]} 77. Rd6 {[%emt 0:00:00]} Re8+ {[%emt 0:00:50]} 78. Kf6 {[%emt 0:00:00]} Rf8+ {[%emt 0:00:23]} 79. Ke7 {[%emt 0:00:00]} Rg8 {[%emt 0:01:22]} 80. Rd8 {[%emt 0:00:00]} 1-0

[Event "WTCC-65 2018"]
[Site "Radebeul"]
[Date "2018.07.09"]
[Round "3"]
[White "Mishuchkov, Nikolai M."]
[Black "Hassenrueck, Helmut"]
[Result "1/2-1/2"]
[WhiteElo "2311"]
[BlackElo "2189"]
[Annotator "NA"]
[PlyCount "68"]
[EventDate "2018.07.07"]
[EventType "team-tourn"]
[EventCountry "GER"]
[SourceTitle "playchess.com"]
[Source "ChessBase"]
[SourceQuality "1"]
[TimeControl "40/5400+30:1800+30"]

1. Nf3 {[%emt 0:00:00]} Nf6 {[%emt 0:00:00]} 2. d4 {[%emt 0:00:00]} e6 {[%emt 0:00:00]} 3. e3 {[%emt 0:00:05]} b6 {[%emt 0:00:29]} 4. Bd3 {[%emt 0:01:31]} Bb7 {[%emt 0:00:04]} 5. O-O {[%emt 0:00:16]} d5 {[%emt 0:00:49]} 6. c4 {[%emt 0:00:34]} Bd6 {[%emt 0:00:33]} 7. cxd5 {[%emt 0:00:13]} exd5 {[%emt 0:00:11]} 8. b4 {[%emt 0:00:06] E14: Queen's Indian: Classical Variation (4 e3)} (8. b3 Qe7 9. Nc3 a6 10. Bb2 Nbd7 11. Ne2 Ne4 12. Ng3 g6 13. Rc1 O-O 14. Qc2 a5 15. Rfd1 Nxg3 16. hxg3 {½-½ (36) Vidit,S (2689)-Karjakin,S (2785) Doha 2016}) 8... O-O {[%emt 0:00:35]} 9. Qb3 {[%emt 0:00:11]} a5 {[%emt 0:01:00]} 10. b5 {[%emt 0:00:39]} a4 {[%emt 0:01:10]} 11. Qc2 {[%emt 0:00:57]} Qe7 $146 {[%emt 0:01:50]} ({Predecessor:} 11... Nbd7 12. Ba3 Ne4 13. Bxd6 cxd6 14. Nbd2 Qe7 15. Rfc1 Rfe8 {½-½ (33) Gaprindashvili,N (2299)-Sveshnikov,E (2509) Yerevan 2016}) 12. Nc3 {[%emt 0:07:10]} a3 {[%emt 0:02:54]} 13. Bd2 {[%emt 0:06:40]} Nbd7 {[%emt 0:01:57]} 14. Bf5 {[%emt 0:24:16]} Ne4 {[%emt 0:09:48]} 15. Qb3 {[%emt 0:04:00]} Ndf6 {[%emt 0:03:59]} 16. Rad1 {[%emt 0:04:52]} g6 {[%emt 0:03:58]} 17. Bh3 {[%emt 0:00:06]} Kg7 {[%emt 0:04:02]} 18. Nxe4 {[%emt 0:06:00]} dxe4 {[%emt 0:06:40]} 19. Ne5 {[%emt 0:00:08]} Bd5 {[%emt 0:00:49]} 20. Qc2 {[%emt 0:01:02]} h5 {[%emt 0:04:49]} 21. Nc6 {[%emt 0:04:27]} Qe8 {[%emt 0:02:58]} 22. Rb1 {[%emt 0:00:27]} Ng4 {[%emt 0:01:28]} 23. Bxg4 {[%emt 0:16:13]} hxg4 {[%emt 0:00:04]} 24. Bb4 $19 {[%emt 0:00:19]} Rh8 {[%emt 0:03:17]} 25. Bxd6 {[%emt 0:00:16]} cxd6 {[%emt 0:00:11]} 26. Rfc1 {[%emt 0:02:49]} Qe6 {[%emt 0:05:30]} 27. Nb4 {[%emt 0:00:09]} Rac8 {[%emt 0:03:02]} 28. Qd2 {[%emt 0:00:49]} Bc4 {[%emt 0:03:52]} 29. d5 {[%emt 0:00:42]} Qe5 {[%emt 0:02:13]} 30. Qc3 {[%emt 0:02:35]} Bxb5 {[%emt 0:05:47]} 31. Qxe5+ {[%emt 0:00:22]} dxe5 {[%emt 0:00:03]} 32. Nc6 {[%emt 0:00:33]} Bxc6 {[%emt 0:01:06]} 33. dxc6 {[%emt 0:01:40]} Rhd8 {[%emt 0:01:30]} 34. g3 {[%emt 0:08:09]} Rd2 {[%emt 0:01:57]} 1/2-1/2

[Event "WTCC-65 2018"]
[Site "Radebeul"]
[Date "2018.07.09"]
[Round "3"]
[White "Donchenko, Anatoly"]
[Black "Krauseneck, Peter"]
[Result "0-1"]
[WhiteElo "2301"]
[BlackElo "2147"]
[Annotator "NA"]
[PlyCount "136"]
[EventDate "2018.07.07"]
[EventType "team-tourn"]
[EventCountry "GER"]
[SourceTitle "playchess.com"]
[Source "ChessBase"]
[SourceQuality "1"]
[TimeControl "40/5400+30:1800+30"]

1. d4 {[%emt 0:00:00]} e6 {[%emt 0:00:00]} 2. g3 {[%emt 0:00:00]} f5 {[%emt 0:00:00]} 3. Bg2 {[%emt 0:00:04]} Nf6 {[%emt 0:00:00]} 4. Nh3 {[%emt 0:00:49]} d6 {[%emt 0:03:51]} 5. O-O {[%emt 0:01:40]} Be7 {[%emt 0:04:32]} 6. c4 {[%emt 0:01:13]} O-O {[%emt 0:00:14]} 7. Nc3 {[%emt 0:00:45]} e5 {[%emt 0:03:07]} 8. dxe5 {[%emt 0:02:18]} dxe5 {[%emt 0:00:14] LiveBook: 15 Games} 9. e4 {A91: Classical Dutch: Early Deviations} Qxd1 {[%emt 0:01:50]} (9... Nc6 10. Be3 Qxd1 11. Raxd1 Nxe4 12. Nxe4 fxe4 13. Ng5 Bg4 14. Rd5 Bxg5 15. Bxg5 Nd4 16. Rxe5 Nf3+ 17. Bxf3 Bxf3 {½-½ (41) Socko,B (2613)-Van Dooren,D (2284) Maastricht 2015}) 10. Rxd1 {[%emt 0:00:14]} fxe4 $146 {[%emt 0:01:15]} ({Predecessor:} 10... Nxe4 11. Nxe4 fxe4 12. Ng5 Bg4 13. Re1 Nc6 14. Bxe4 Nd4 15. Nxh7 Bb4 16. Nxf8 Bxe1 {½-½ (44) Denis,L (2200)-Roos,J (2350) France 1995}) 11. Ng5 {[%emt 0:00:31]} Nc6 {[%emt 0:00:57]} 12. Ngxe4 {[%emt 0:03:47]} Nxe4 {[%emt 0:02:18]} 13. Nxe4 {[%emt 0:01:40]} Nd4 {[%emt 0:01:22]} 14. Be3 {[%emt 0:04:31]} Bg4 {[%emt 0:10:43]} 15. Rd3 {[%emt 0:02:46]} Be2 {[%emt 0:09:42]} 16. Rd2 {[%emt 0:08:36]} Bb4 {[%emt 0:00:38]} 17. Nc3 {[%emt 0:08:38]} Nf3+ {[%emt 0:05:16]} 18. Bxf3 {[%emt 0:00:14]} Bxf3 {[%emt 0:00:02]} 19. h3 {[%emt 0:05:42]} a5 {[%emt 0:08:54]} 20. Rd3 {[%emt 0:05:30]} Rad8 {[%emt 0:03:10]} 21. Nd5 {[%emt 0:03:20]} Be2 {[%emt 0:01:13]} 22. Nxb4 {[%emt 0:03:07]} Bxd3 {[%emt 0:00:42]} 23. Nxd3 {[%emt 0:00:14]} Rxd3 {[%emt 0:00:02]} 24. Rc1 {[%emt 0:01:36]} Rfd8 {[%emt 0:00:21]} 25. Rc2 {[%emt 0:00:34]} a4 {[%emt 0:01:42]} 26. Kf1 {[%emt 0:00:28]} Kf7 {[%emt 0:00:05]} 27. Ke2 {[%emt 0:00:13]} Ke6 {[%emt 0:00:21]} 28. c5 {[%emt 0:03:19]} Rd1 {[%emt 0:02:31]} 29. Rc4 {[%emt 0:00:36]} Rb1 {[%emt 0:00:05]} 30. Rxa4 {[%emt 0:02:01]} Rxb2+ {[%emt 0:00:12]} 31. Kf3 {[%emt 0:00:02]} Kd5 {[%emt 0:04:54]} 32. g4 {[%emt 0:03:00]} Rf8+ {[%emt 0:03:55]} 33. Kg3 {[%emt 0:00:11]} h6 {[%emt 0:04:34]} 34. h4 {[%emt 0:00:59]} Rf6 {[%emt 0:01:45]} 35. Ra8 {[%emt 0:00:33]} g6 {[%emt 0:05:49]} 36. Rh8 {[%emt 0:07:02]} Ke4 {[%emt 0:01:11]} 37. Kg2 {[%emt 0:01:30]} Rf3 {[%emt 0:04:02]} 38. c6 {[%emt 0:04:16]} b6 {[%emt 0:04:50]} 39. Kg1 {[%emt 0:02:27]} Rh3 {[%emt 0:07:41]} 40. h5 {[%emt 0:03:16]} gxh5 {[%emt 0:01:38]} 41. gxh5 {[%emt 0:30:03]} Rxh5 {[%emt 0:34:11]} 42. Rh7 {[%emt 0:00:02]} Rf5 {[%emt 0:00:00]} 43. Kg2 {[%emt 0:00:00]} Rf3 {[%emt 0:00:00]} 44. Kg1 {[%emt 0:00:00]} Rf6 {[%emt 0:00:00]} 45. Rxc7 {[%emt 0:00:00]} Rc2 {[%emt 0:00:00]} 46. Rb7 {[%emt 0:00:00]} Rfxc6 {[%emt 0:00:00]} 47. a4 {[%emt 0:00:00]} Ra2 {[%emt 0:00:00]} 48. Bxb6 {[%emt 0:00:00]} Rxa4 {[%emt 0:00:00]} 49. Be3 {[%emt 0:00:00]} Ra1+ {[%emt 0:00:00]} 50. Kh2 {[%emt 0:00:00]} Rg6 {[%emt 0:00:00]} 51. Ba7 {[%emt 0:00:00]} Ra2 {[%emt 0:00:00]} 52. Rb4+ {[%emt 0:00:00]} Kf3 {[%emt 0:00:00]} 53. Rb3+ {[%emt 0:00:00]} Kf4 {[%emt 0:00:00]} 54. Rb4+ {[%emt 0:00:00]} e4 {[%emt 0:00:00]} 55. Rb7 {[%emt 0:00:00]} Ra5 {[%emt 0:00:00]} 56. Bb8+ {[%emt 0:00:00]} Kf3 {[%emt 0:00:00]} 57. Rf7+ {[%emt 0:00:00]} Ke2 {[%emt 0:00:00]} 58. Bg3 {[%emt 0:00:00]} Kf1 {[%emt 0:00:54]} 59. Rf4 {[%emt 0:01:23]} Rh5+ {[%emt 0:02:53]} 60. Bh4 {[%emt 0:00:10]} Rg2+ $2 {[%emt 0:02:05]} (60... Re5 61. Kh3 Ke2) 61. Kh3 {[%emt 0:00:01]} Re5 {[%emt 0:00:56]} 62. Bf6 {[%emt 0:01:35]} Re6 {[%emt 0:00:11]} 63. Bd4 {[%emt 0:03:09]} h5 {[%emt 0:00:57]} 64. Rh4 {[%emt 0:10:47]} Rxf2 {[%emt 0:01:24]} 65. Bxf2 {[%emt 0:00:21]} Kxf2 {[%emt 0:00:02]} 66. Rf4+ {[%emt 0:03:55]} Kg1 {[%emt 0:00:11]} 67. Rf8 {[%emt 0:00:42]} e3 {[%emt 0:00:14]} 68. Rg8+ {[%emt 0:00:02]} Kh1 {[%emt 0:00:36]} 0-1

[Event "WTCC-65 2018"]
[Site "Radebeul"]
[Date "2018.07.09"]
[Round "3"]
[White "Huss, Andreas"]
[Black "Zimmermann, Rolf"]
[Result "1/2-1/2"]
[WhiteElo "2276"]
[BlackElo "2165"]
[Annotator "NA"]
[PlyCount "114"]
[EventDate "2018.07.07"]
[EventType "team-tourn"]
[EventCountry "GER"]
[SourceTitle "playchess.com"]
[Source "ChessBase"]
[SourceQuality "1"]
[TimeControl "40/5400+30:1800+30"]

1. d4 {[%emt 0:00:00]} d5 {[%emt 0:00:00]} 2. c4 {[%emt 0:00:00]} e6 {[%emt 0:00:00]} 3. Nf3 {[%emt 0:00:00]} Nf6 {[%emt 0:00:07]} 4. Nc3 {[%emt 0:00:01]} Be7 {[%emt 0:00:39]} 5. Bg5 {[%emt 0:00:10] LiveBook: 12112 Games} O-O {[%emt 0:00:16]} 6. e3 {[%emt 0:00:18]} c6 {[%emt 0:00:38]} 7. Rc1 {[%emt 0:00:20]} Nbd7 {[%emt 0:00:54]} 8. a3 {[%emt 0:00:14]} b6 {[%emt 0:01:44] D63: Damengambit (Hauptvariante mit 7.Tc1)} (8... h6 9. Bh4 Ne4 10. Bxe7 Nxc3 11. Rxc3 Qxe7 12. Qc2 Re8 13. Be2 dxc4 14. Rxc4 e5 15. O-O e4 16. Nd2 Nf6 17. Rc5 Nd7 18. Rh5 Qe6 19. f3 exf3 20. Rxf3 {1-0 (53) Laznicka,V (2674)-Kryvoruchko,Y (2679) Czechia 2012}) 9. Bd3 {[%emt 0:04:32]} dxc4 {[%emt 0:01:52]} 10. Bxc4 {[%emt 0:00:11]} Nd5 $146 {[%emt 0:00:08]} ({Vorgänger:} 10... h6 11. Bh4 Nh5 12. Bxe7 Qxe7 13. Ne4 Nhf6 14. Bd3 Bb7 15. b4 Rfc8 16. Ne5 Nxe5 17. dxe5 Nxe4 18. Bxe4 {0-1 (24) Schucman,R (1696)-De Mello,J Sao Paulo 2013}) 11. Bxe7 {[%emt 0:01:37]} Nxc3 {[%emt 0:09:03]} 12. Rxc3 {[%emt 0:07:18]} Qxe7 {[%emt 0:00:13]} 13. Qc2 {[%emt 0:01:16]} Bb7 {[%emt 0:18:39]} 14. Bd3 {[%emt 0:03:56]} f5 {[%emt 0:13:07]} 15. O-O {[%emt 0:01:02]} c5 {[%emt 0:02:50]} 16. Be2 {[%emt 0:07:48]} Rac8 {[%emt 0:05:57]} 17. Rc1 {[%emt 0:11:03]} g5 {[%emt 0:04:17]} ({Better is} 17... Nf6 $11) 18. dxc5 {[%emt 0:10:06]} Be4 {[%emt 0:15:15]} 19. Qd1 {[%emt 0:16:57]} Rxc5 {[%emt 0:00:35]} 20. b4 {[%emt 0:03:31]} Rxc3 {[%emt 0:00:31]} 21. Rxc3 {[%emt 0:00:03]} Bxf3 $1 {[%emt 0:00:21]} 22. Bxf3 {[%emt 0:02:11]} Ne5 {[%emt 0:00:51]} 23. Be2 {[%emt 0:00:52]} Rd8 {[%emt 0:00:27]} 24. Qc2 {[%emt 0:03:20]} Qd6 {[%emt 0:01:27]} 25. h3 {[%emt 0:05:15]} Qd2 {[%emt 0:02:29]} 26. Kf1 {[%emt 0:02:09]} Qxc2 {[%emt 0:00:17]} 27. Rxc2 {[%emt 0:00:08]} Rd7 {[%emt 0:00:04]} 28. f4 {[%emt 0:04:35]} gxf4 {[%emt 0:00:27]} 29. exf4 {[%emt 0:00:02]} Ng6 {[%emt 0:00:00]} 30. g3 {[%emt 0:00:00]} Kg7 {[%emt 0:02:22]} 31. Bb5 {[%emt 0:02:52]} Re7 {[%emt 0:00:15]} 32. Bd3 {[%emt 0:01:31]} Kf6 {[%emt 0:02:22]} 33. Rc6 {[%emt 0:00:51]} Kg7 {[%emt 0:04:56]} 34. h4 {[%emt 0:05:50]} h6 {[%emt 0:02:45]} 35. Kf2 {[%emt 0:01:43]} Nf8 {[%emt 0:00:06]} 36. Ke3 {[%emt 0:01:05]} Rd7 {[%emt 0:00:58]} 37. a4 {[%emt 0:01:37]} Kf7 {[%emt 0:02:01]} 38. a5 {[%emt 0:00:37]} bxa5 {[%emt 0:00:26]} 39. bxa5 {[%emt 0:00:02]} Ke7 {[%emt 0:00:01]} 40. a6 {[%emt 0:01:13]} Kd8 {[%emt 0:04:21]} 41. Rc5 {[%emt 0:08:55]} Rc7 {[%emt 0:05:20]} 42. Rb5 {[%emt 0:02:05]} Nd7 {[%emt 0:01:15]} 43. Kd4 {[%emt 0:00:26]} Ke7 {[%emt 0:00:17]} 44. Rb7 {[%emt 0:07:22]} Rxb7 {[%emt 0:03:09]} 45. axb7 {[%emt 0:00:09]} Kd6 {[%emt 0:00:09]} 46. Bb5 {[%emt 0:00:29]} Nb8 {[%emt 0:00:06]} 47. h5 {[%emt 0:02:15]} a5 {[%emt 0:01:02]} 48. Ba4 {[%emt 0:01:48]} Kc7 $2 {[%emt 0:00:21]} (48... Na6 49. Be8 Kc7) 49. Ke5 {[%emt 0:00:17]} Na6 {[%emt 0:00:05]} 50. Kf6 {[%emt 0:02:09]} Nc5 {[%emt 0:01:41]} 51. Bb5 {[%emt 0:02:45]} Ne4+ {[%emt 0:00:49]} 52. Kg6 {[%emt 0:00:19]} Nxg3 {[%emt 0:02:41]} 53. Kxh6 {[%emt 0:00:18]} Kxb7 {[%emt 0:02:54]} 54. Kg6 {[%emt 0:00:34]} Nxh5 {[%emt 0:00:01]} 55. Kxh5 {[%emt 0:00:11]} Kc7 {[%emt 0:00:33]} 56. Kg5 {[%emt 0:00:27]} Kd6 {[%emt 0:00:02]} 57. Kf6 $11 {[%emt 0:00:24]} Kd5 {[%emt 0:00:32] Ke5+ Ke4+} 1/2-1/2

[Event "WTCC-65 2018"]
[Site "Radebeul"]
[Date "2018.07.09"]
[Round "3"]
[White "Povah, Nigel E"]
[Black "Steedman, James"]
[Result "1-0"]
[WhiteElo "2245"]
[BlackElo "2132"]
[Annotator "NA"]
[PlyCount "57"]
[EventDate "2018.07.07"]
[EventType "team-tourn"]
[EventCountry "GER"]
[SourceTitle "playchess.com"]
[Source "ChessBase"]
[SourceQuality "1"]
[TimeControl "40/5400+30:1800+30"]

1. d4 {[%emt 0:00:00]} Nf6 {[%emt 0:00:00]} 2. Bg5 {[%emt 0:00:00]} d5 {[%emt 0:00:43]} 3. e3 {[%emt 0:04:10]} c5 {[%emt 0:02:28]} 4. c3 {[%emt 0:06:07]} Qb6 {[%emt 0:04:10]} 5. Qc2 {[%emt 0:03:59]} cxd4 {[%emt 0:07:57]} 6. exd4 {[%emt 0:00:35]} Nc6 {[%emt 0:01:56]} 7. Nd2 {[%emt 0:04:31]} e6 {[%emt 0:05:10]} 8. Ngf3 {[%emt 0:04:13]} Bd6 {[%emt 0:03:56]} 9. Bd3 {[%emt 0:12:40]} h6 {[%emt 0:07:35]} 10. Bh4 {[%emt 0:01:44]} (10. Bxf6 $5 gxf6 11. O-O $11) 10... Bd7 {[%emt 0:05:04]} 11. Bg3 {[%emt 0:06:43]} Bxg3 {[%emt 0:07:12]} 12. hxg3 {[%emt 0:00:07]} Rc8 {[%emt 0:02:02]} 13. Qb3 {[%emt 0:01:56]} Qxb3 {[%emt 0:00:47]} 14. axb3 {[%emt 0:00:13]} a6 {[%emt 0:03:23]} 15. b4 {[%emt 0:01:10]} Ke7 {[%emt 0:01:03]} 16. Nb3 {[%emt 0:10:23]} Ne8 {[%emt 0:06:14]} 17. Nc5 {[%emt 0:02:51]} Nd6 $16 {[%emt 0:03:37]} 18. Ne5 {[%emt 0:01:21]} Be8 {[%emt 0:01:41]} 19. Kd2 {[%emt 0:07:18]} Nd8 {[%emt 0:13:14]} 20. g4 {[%emt 0:03:23]} f6 {[%emt 0:04:25]} 21. Ng6+ {[%emt 0:03:27]} Bxg6 {[%emt 0:00:10]} 22. Bxg6 {[%emt 0:00:13]} e5 {[%emt 0:03:09]} 23. Rae1 {[%emt 0:02:48]} Ne6 {[%emt 0:03:31]} 24. b3 {[%emt 0:05:00]} e4 {[%emt 0:06:54]} 25. Nxe6 {[%emt 0:04:26]} Kxe6 {[%emt 0:00:03]} 26. f3 {[%emt 0:00:46]} Rc7 {[%emt 0:04:25]} 27. fxe4 {[%emt 0:01:53]} dxe4 {[%emt 0:01:31]} 28. c4 {[%emt 0:02:17]} b6 {[%emt 0:00:00]} 29. Bxe4 {[%emt 0:00:00] Kd5} 1-0

[Event "WTCC-65 2018"]
[Site "Radebeul"]
[Date "2018.07.09"]
[Round "3"]
[White "Rahls, Peter"]
[Black "Hort, Vlastimil"]
[Result "1-0"]
[WhiteElo "2238"]
[BlackElo "2421"]
[Annotator "TA"]
[PlyCount "63"]
[EventDate "2018.07.07"]
[EventType "team-tourn"]
[EventCountry "GER"]
[SourceTitle "playchess.com"]
[Source "ChessBase"]
[SourceQuality "1"]

{[%evp 19,63,0,0,2,12,-15,0,0,0,-37,0,-60,-55,-56,-54,-52,-38,-39,-44,-40,-45,-22,0,0,0,0,1,-34,-25,-32,-16,-26,58,-25,-23,-91,43,0,153,0,-10,-73,108,96,902,884]} 1. e4 e6 2. Nf3 d5 3. e5 c5 4. b4 cxb4 5. d4 Nc6 6. a3 Bd7 7. axb4 Bxb4+ 8. c3 Be7 9. Bd3 Rc8 10. O-O {C00: Französische Verteidigung (Seltene Züge)} a6 {LiveBook: 8 Partien} 11. Nbd2 Na5 12. Nb3 {Die Stellung ist ausgeglichen.} (12. Qc2 Qc7 13. Bxh7 Qxc3 14. Qb1 Qb4 15. Bb2 Nh6 16. Bc2 O-O 17. Rc1 Rc6 {0-1 (25) Zvjaginsev,V (2688)-Rodshtein,M (2634) Moscow 2012}) 12... Nxb3 $146 ({Vorgänger:} 12... Nc4 13. Re1 h5 14. Nfd2 g6 15. Bxc4 dxc4 16. Na5 b5 17. Qf3 {1-0 (32) Rahls,P (2190)-Breutigam,M (2345) Germany 1995}) 13. Qxb3 Bc6 14. h4 Qd7 15. Qd1 (15. g3 $11) 15... Bb5 $15 16. Bxb5 Qxb5 17. Bd2 Bd8 18. Rb1 Qd7 19. Ne1 Ne7 ({Aber nicht} 19... Bxh4 $2 20. Qg4 $16) 20. h5 Nc6 21. Nd3 b6 22. Qg4 $36 {[%mdl 2048] Weiss hat Druck.} g6 23. f4 Na5 24. f5 exf5 25. Qh3 $1 Nc4 (25... O-O $11) 26. Bh6 (26. hxg6 $1 $14 fxg6 27. Bh6) 26... Rc6 $11 {Und ...g5 würde nun gewinnen.} 27. Rbe1 (27. Nb4 $11 {bleibt in der Remisbreite.}) 27... Rg8 ({Lieber} 27... Be7 $17 28. e6 Rxe6 29. Rxe6 fxe6) 28. Bc1 g5 $2 {[#]} ({Günstiger ist} 28... Re6 $11) 29. e6 $2 (29. Nb4 $1 $16 {[%cal Rb4c6]} Rh6 30. Qxf5) 29... fxe6 {Und weiter mit ...Le7 wäre nett.} 30. Qxf5 (30. Rxf5 $11 {hält das Gleichgewicht.} g4 31. Qg3) 30... Qe7 $2 {[#]} (30... a5 $17 {hält den Druck.} 31. h6 Qe7 32. Rxe6 Rxe6 33. Qxd5 Bc7 34. Qxc4 Qd7) 31. Qg4 $1 $16 {[%mdl 1024] Droht Sb4 und aus. Weiss hat starke Kompensation.} Bc7 $2 {[%mdl 8192]} (31... Rf8 $16) 32. Nb4 {Precision: Weiß = 35%, Schwarz = 29%.} 1-0